000 00424nam a2200181Ia 4500
001 10753
005 20260306161855.0
008 260306t1965||||xx |||||||||||||| ||spa||
041 _aESP
082 _a947.084
_bG74
100 _aGorkin, Julián
_eAUT
245 0 _aComo asesino Stalin a Trotsky
260 _c1965
300 _a201 páginas :
_c18 cm.
650 _aGEN
654 _aCHU
942 _cLIB
_dJUS
_fJUS
_2ddc
_n
999 _c10753
_d10753